Můj muž, má žena /
Román o vyhaslé lásce a snaze znovu najít ztracený žár při cestě indickým pohořím Ladak.
Uloženo v:
| Hlavní autor: | |
|---|---|
| Médium: | E-kniha |
| Jazyk: | Czech |
| Vydáno: |
Praha :
Městská knihovna v Praze,
2026
|
| Vydání: | V MKP 1. elektronické vydání |
| Témata: | |
| On-line přístup: | Odkaz na plný text Plný text Plný text Plný text Obálka |
| Tagy: |
Žádné tagy |
| LEADER | 02345nam a2200385 i 4500 | ||
|---|---|---|---|
| 001 | 5221976 | ||
| 003 | CZ-PrMKP | ||
| 005 | 20260423174509.0 | ||
| 007 | ta | ||
| 008 | 260323s2026----xr-----go-----000-f-cze-- | ||
| 020 | |a 978-80-274-4975-0 |q (online ; |q pdf) | ||
| 020 | |a 978-80-274-4974-3 |q (online ; |q epub) | ||
| 020 | |a 978-80-274-4976-7 |q (online ; |q prc) | ||
| 040 | |a ABG001 |b cze |e rda | ||
| 072 | 7 | |a 821.162.3-3 |x Česká próza |2 Konspekt |9 25 | |
| 080 | |a 821.162.3-31 |2 MRF_2003 | ||
| 080 | |a (0:82-31) |2 MRF_2003 | ||
| 100 | 1 | |a Erml, Richard, |d 1961- |7 jn20000400637 |4 aut | |
| 245 | 1 | 0 | |a Můj muž, má žena / |c Richard Erml |
| 250 | |a V MKP 1. elektronické vydání | ||
| 264 | 1 | |a Praha : |b Městská knihovna v Praze, |c 2026 | |
| 300 | |a 1 online zdroj (122 stran) ; | ||
| 336 | |a text |b txt |2 rdacontent | ||
| 337 | |a počítač |b c |2 rdamedia | ||
| 338 | |a online zdroj |b cr |2 rdacarrier | ||
| 520 | 2 | |a Román o vyhaslé lásce a snaze znovu najít ztracený žár při cestě indickým pohořím Ladak. |b Postarší manželská dvojice se vydává do indického Ladaku, kde byli kdysi jako mladí a zamilovaní, aby se pokusili obnovit vyčpělý vztah. On je poněkud temperamentní bývalý herec, ona se zase živí jako překladatelka odborných textů, kterou ale vždy srdce táhlo zcestovat celý svět. V Ladaku, ve společném pokoji, z něhož nemůžou jeden před druhým utéct, se jejich rozdíly a léta potlačované křivdy stupňují. Román nabízí psychologickou sondu do letitého manželství, střídavě z pohledu každého z manželů. Život těch dvou, myšlenky a zvyky každého z nich jsou tak předvídatelné a únavné, i přesto se ale chtějí pokusit svůj vztah opět přivést k životu. | |
| 655 | 7 | |a české romány |7 fd133974 |2 czenas | |
| 655 | 9 | |a Czech fiction |2 eczenas | |
| 710 | 2 | |a Městská knihovna (Praha, Česko) |7 kn20010709068 |4 pbl | |
| 856 | 4 | 1 | |u http://search.mlp.cz/searchMKP.jsp?action=sTitul&key=5221976 |y Odkaz na plný text |
| 856 | 4 | 1 | |q epub |u https://web2.mlp.cz/koweb/00/05/22/19/76/muj_muz_ma_zena.epub |y Plný text |
| 856 | 4 | 1 | |q pdf |u https://web2.mlp.cz/koweb/00/05/22/19/76/muj_muz_ma_zena.pdf |y Plný text |
| 856 | 4 | 1 | |q prc |u https://web2.mlp.cz/koweb/00/05/22/19/76/muj_muz_ma_zena.prc |y Plný text |
| 856 | 4 | 1 | |u https://web2.mlp.cz/koweb/00/05/22/19/76.jpg |y Obálka |
| 910 | |a ABG001 | ||